000 00570nam a2200205Ia 4500
003 GCL
008 140319s9999 xx 000 0 ara d
040 _aGCL /
_cGCL
082 0 4 _a101
_bم م
100 1 _aمحمد فتحى الشنيطى
245 1 0 _aالمعرفة /
_cمحمد فتحى الشنيطى
260 _a[S.N] :
_bدار الثقافة العربية ،
_c1980
300 _a244 ص
490 _a
650 0 4 _aالفلسفة
650 0 4 _aنظريات
650 0 4 _aالمذاهب
650 0 4 _aالفلسفة - نظريات
942 _2ddc
_cBK
999 _c29757
_d29757